La mortalidad en la República Dominicana según características sociales y geográficas / (Registro nro. 13590)

Detalles MARC
000 -LEADER
fixed length control field 01118nam a2200289 a 4500
001 - CONTROL NUMBER
control field
003 - CONTROL NUMBER IDENTIFIER
control field DO-SdBNP
005 - DATE AND TIME OF LATEST TRANSACTION
control field 20210721125237.0
008 - FIXED-LENGTH DATA ELEMENTS--GENERAL INFORMATION
fixed length control field 090701s1982 dr 000 0 spa d
040 ## - CATALOGING SOURCE
Original cataloging agency BPMSU
Language of cataloging spa
Transcribing agency BPMSU
082 ## - DEWEY DECIMAL CLASSIFICATION NUMBER
Classification number 304.64
Item number M938m 1982
Edition number 22
100 1# - MAIN ENTRY--PERSONAL NAME
Personal name Moya, Francisco de
245 13 - TITLE STATEMENT
Title La mortalidad en la República Dominicana según características sociales y geográficas /
Statement of responsibility, etc. Francisco de Moya, Marina Taveras y Sonia Díaz.
260 ## - PUBLICATION, DISTRIBUTION, ETC. (IMPRINT)
Place of publication, distribution, etc. [Santo Domingo] :
Name of publisher, distributor, etc. SESPAS :
-- CONAPOFA,
Date of publication, distribution, etc. 1982.
300 ## - PHYSICAL DESCRIPTION
Extent 93 p. :
Other physical details il. ;
Dimensions 21 cm.
504 ## - BIBLIOGRAPHY, ETC. NOTE
Bibliography, etc Incluye referencias bibliográficas y notas al pie de las páginas.
590 ## - LOCAL NOTE (RLIN)
Local note Invetnariado, 2021/VM
650 #4 - SUBJECT ADDED ENTRY--TOPICAL TERM
Topical term or geographic name as entry element Mortalidad
Geographic subdivision República Dominicana
650 #4 - SUBJECT ADDED ENTRY--TOPICAL TERM
Topical term or geographic name as entry element Predicciones demográficas
Geographic subdivision República Dominicana
651 #4 - SUBJECT ADDED ENTRY--GEOGRAPHIC NAME
Geographic name República Dominicana
General subdivision Aspectos Sociales
700 1# - ADDED ENTRY--PERSONAL NAME
Personal name Taveras, Marina
700 1# - ADDED ENTRY--PERSONAL NAME
Personal name Díaz, Sonia
710 2# - ADDED ENTRY--CORPORATE NAME
Corporate name or jurisdiction name as entry element Secretaría de Estado de Salud Pública y Asistencia Social.(República Dominicana)
710 2# - ADDED ENTRY--CORPORATE NAME
Corporate name or jurisdiction name as entry element Consejo Nacional de Población y Familia (República Dominicana).
910 ## - USER-OPTION DATA (OCLC)
User-option data VMateo V.
942 ## - ADDED ENTRY ELEMENTS (KOHA)
Source of classification or shelving scheme Dewey Decimal Classification
Koha item type Libros
Existencias
Withdrawn status Lost status Source of classification or shelving scheme Damaged status Not for loan Collection code Home library Current library Date acquired Total Checkouts Full call number Barcode Date last seen Price effective from Koha item type
    Dewey Decimal Classification     Colección Dominicana Biblioteca Pública Metropolitana Salomé Ureña Biblioteca Pública Metropolitana Salomé Ureña 07/21/2021   BPMSU CD 304.64 M938m 1982 BPMSU21070031 07/21/2021 07/21/2021 Libros